| 000 | 01346nam0a2200289 4500 | ||
|---|---|---|---|
| 001 | RU\NLR\bibl\364866 | ||
| 005 | 20260406075616.0 | ||
| 035 | _a(NLR Aleph) 000359443 | ||
| 090 |
_a326301 _c326301 |
||
| 100 | _a20030210d1998 |||y0rusy50 ca | ||
| 101 | 0 | _arus | |
| 102 | _aRU | ||
| 105 | _ay ||||||||| | ||
| 200 | 1 |
_aИнтервальная математика и исследование систем в условиях неопределенности _fВ.И. Левин _g[М-во общ. и проф. образования РФ, Пенз. технол. ин-т] |
|
| 210 |
_aПенза _cИзд-во ПГТУ _d1998 |
||
| 215 |
_a54 с. _d22 |
||
| 320 | _aБиблиогр.: с. 52-53 (23 назв.) | ||
| 606 | 0 |
_aМатематические вычисления _xИнтервальные методы _9926689 _3RU\NLR\auth\6621910 |
|
| 606 | 0 |
_aВычислительная математика _xЗадачи _xРешение _xИнтервальные методы _92279579 _3RU\NLR\auth\661365842 |
|
| 686 | _aВ192.1 | ||
| 700 | 1 |
_4070 _8rus _7ca _aЛевин _bВ. И. _cд-р техн. наук; историк _f1936- _gВиталий Ильич _3RU\NLR\auth\7739221 _922205 |
|
| 801 | 0 |
_aRU _bNLR _c20030210 _gPSBO |
|
| 801 | 1 |
_aRU _bNLR _c20030210 |
|
| 830 | _aАвт. по кн. | ||
| 942 | _cBOOK | ||
| 980 | _aNB | ||